Temps d'ensoleillement par département en 2022 - Statistiques

Statistiques générales
  • Ce quiz a été pris 11 fois
  • Le résultat moyen est 41 sur 96
Statistiques - réponses
Temps
en heures
Equivalent
en jours (env.)
Région Département Rang % Correct
2801 117 PACA Bouches-du-Rhône 1
100%
2793 116 PACA Var 2
100%
2753 115 PACA Vaucluse 3
88%
2596 108 PACA Alpes-de-Haute-Provence 8
75%
2668 86 PACA Alpes-Maritimes 5
75%
2106 88 O Aude 17
75%
2616 109 O Gard 7
75%
2439 102 PACA Hautes-Alpes 10
75%
2618 109 O Hérault 6
75%
2392 100 O Pyrénées-Orientales 11
75%
2390 100 ARA Ardèche 12
63%
1900 79 O Ariège 37
63%
2084 87 ARA Cantal 18
63%
2055 86 NA Charente-Maritime 20
63%
2726 114 C Corse-du-Sud 4
63%
2354 98 ARA Drôme 13
63%
2069 86 O Gers 19
63%
1992 83 NA Gironde 26
63%
2533 106 C Haute-Corse 9
63%
2010 84 O Haute-Garonne 24
63%
2054 86 O Lot 21
63%
2134 89 O Tarn 15
63%
2143 89 O Tarn-et-Garonne 14
63%
1440 60 GE Ardennes 96
50%
2121 88 O Aveyron 16
50%
1976 82 NA Corrèze 27
50%
1512 63 B Côtes-d'Armor 93
50%
1964 82 NA Dordogne 28
50%
1492 62 B Finistère 94
50%
2020 84 ARA Isère 23
50%
2007 84 ARA Loire 25
50%
2025 84 O Lozère 22
50%
1460 61 N Manche 95
50%
1605 67 GE Moselle 91
50%
1617 67 HDF Nord 88
50%
1630 68 IDF Paris 82
50%
1734 72 HDF Pas-de-Calais 63
50%
1957 82 ARA Savoie 29
50%
1518 63 N Seine-Maritime 92
50%
1624 68 HDF Somme 85
50%
1928 80 ARA Ain 35
38%
1609 67 HDF Aisne 90
38%
1624 68 N Calvados 85
38%
1943 81 NA Charente 31
38%
1934 81 NA Deux-Sèvres 33
38%
1866 78 IDF Essonne 43
38%
1684 70 N Eure 76
38%
1901 79 ARA Haute-Savoie 36
38%
1940 81 O Hautes-Pyrénées 32
38%
1626 68 B Ille-et-Vilaine 84
38%
1690 70 PDLL Loire-Atlantique 74
38%
1957 82 NA Lot-et-Garonne 29
38%
1690 70 PDLL Maine-et-Loire 74
38%
1629 68 PDLL Mayenne 83
38%
1736 72 B Morbihan 62
38%
1622 68 HDF Oise 87
38%
1615 67 N Orne 89
38%
1728 72 PDLL Sarthe 66
38%
1704 71 IDF Seine-Saint-Denis 72
38%
1774 74 IDF Val-de-Marne 54
38%
1719 72 IDF Val-d'Oise 69
38%
1664 69 IDF Yvelines 79
38%
1857 77 ARA Allier 45
25%
1771 74 GE Aube 55
25%
1633 68 GE Bas-Rhin 81
25%
1724 72 BFC Belfort 67
25%
1787 74 CVDL Cher 53
25%
1789 75 BFC Côte-d'or 52
25%
1733 72 NA Creuse 64
25%
1797 75 BFC Doubs 50
25%
1697 71 CVDL Eure-et-Loir 73
25%
1885 79 ARA Haute-Loire 40
25%
1682 70 GE Haute-Marne 77
25%
1743 73 BFC Haute-Saône 59
25%
1860 78 NA Haute-Vienne 44
25%
1721 72 GE Haut-Rhin 68
25%
1796 75 IDF Hauts-de-Seine 51
25%
1835 76 CVDL Indre 48
25%
1799 75 CVDL Indre-et-Loire 49
25%
1889 79 BFC Jura 39
25%
1710 71 CVDL Loiret 70
25%
1737 72 CVDL Loir-et-Cher 61
25%
1705 71 GE Marne 71
25%
1638 68 GE Meurthe-et-Moselle 80
25%
1676 70 GE Meuse 78
25%
1764 74 BFC Nièvre 56
25%
1898 79 ARA Puy-de-Dôme 38
25%
1877 78 NA Pyrénées-Atlantiques 41
25%
1932 81 ARA Rhône 34
25%
1849 77 BFC Saône-et-Loire 47
25%
1731 72 IDF Seine-et-Marne 65
25%
1756 73 PDLL Vendée 58
25%
1867 78 NA Vienne 42
25%
1743 73 GE Vosges 59
25%
1759 73 BFC Yonne 57
25%
1852 77 NA Landes 46
13%
Aucun quiz correspondant
Distribution des résultats
% des personnes avec chaque résultat
Percentile par nombre de réponses
Votre historique - résultats
Vous n’avez pas pris ce quiz